| 000 | 01558cam a2200457 4500 | ||
|---|---|---|---|
| 999 |
_c371475 _d371475 |
||
| 001 | 152953205 | ||
| 003 | DE-627 | ||
| 005 | 20220310150402.0 | ||
| 007 | tu | ||
| 008 | 940601s1994 gw ||||| 00| ||ger c | ||
| 015 |
_a93,N47,0117 _2dnb |
||
| 016 | 7 |
_a931515408 _2DE-101 |
|
| 020 | _a3894720964 | ||
| 035 | _a(DE-627)152953205 | ||
| 035 | _a(DE-576)036652563 | ||
| 035 | _a(DE-599)GBV152953205 | ||
| 035 | _a(OCoLC)30475485 | ||
| 035 | _a(OCoLC)243770707 | ||
| 040 |
_aDE-627 _bger _cDE-627 _erakwb _dDE-2950 |
||
| 041 | _ager | ||
| 044 | _cXA-DE | ||
| 050 | 0 | _aDD290.25 | |
| 082 | 0 |
_a943.087/9 _qOCLC |
|
| 084 |
_aMG 27040 _2rvk _0(DE-625)rvk/122830:12038 |
||
| 100 | 1 |
_aStolpe, Manfred _d1936-2019 _0(DE-588)119013673 _0(DE-627)079799523 _0(DE-576)164591753 _4aut |
|
| 245 | 1 | 0 |
_aDemokratie wagen - Aufbruch in Brandenburg: _bReden, Beiträge, Interviews 1990 - 1993 / _cManfred Stolpe. Mit einem Beitr. von Iring Fetscher |
| 264 | 1 |
_aBerlin [u.a.]: _bSchüren, _c1994. |
|
| 300 |
_a251 S. _c21 cm |
||
| 336 |
_aText _btxt _2rdacontent |
||
| 337 |
_aohne Hilfsmittel zu benutzen _bn _2rdamedia |
||
| 338 |
_aBand _bnc _2rdacarrier |
||
| 583 | 1 |
_aArchivierung/Langzeitarchivierung gewährleistet _fSLG _zBfZ _2pdager _5DE-24 |
|
| 653 | 0 |
_aBrandenburg _aHistory |
|
| 653 | 0 |
_aGermany _aHistory _a1990- |
|
| 653 | 0 |
_aBrandenburg (Germany) _aHistory |
|
| 655 | 7 |
_aAufsatzsammlung _0(DE-588)4143413-4 _0(DE-627)105605727 _0(DE-576)209726091 _2gnd-content |
|
| 951 | _aBO | ||
| 700 | 1 |
_aFetscher, Iring _4oth |
|
| 936 | r | v | _aMG 27040 |
| 942 |
_2z _cB |
||